Les techniques de la civilisation industrielle:

Na minha lista:
Detalhes bibliográficos
Formato: Livro
Idioma:Undetermined
Publicado em: Paris Presses Universitaires de France 1979
Assuntos:
Tags: Adicionar Tag
Sem tags, seja o primeiro a adicionar uma tag!
Thư viện lưu trữ: Trung tâm Học liệu Trường Đại học Cần Thơ
LEADER 00459nam a2200157Ia 4500
001 CTU_86124
008 210402s9999 xx 000 0 und d
082 |a 338.9 
082 |b T255 
245 0 |a Les techniques de la civilisation industrielle: 
260 |a Paris 
260 |b Presses Universitaires de France 
260 |c 1979 
650 |a Economic,Technology and civilizations 
904 |i Năm 
980 |a Trung tâm Học liệu Trường Đại học Cần Thơ